Main economic indicators

Saved in:
Bibliographic Details
Format: Serial
Language:English
Published: Paris OECD 2014
Subjects:
Tags: Add Tag
No Tags, Be the first to tag this record!

MARC

LEADER 00000nas2a2200000 4500
001 0252076
005 20190318105931.5
022 |a 2219-4991 
041 0 |a eng 
044 |a FR 
245 1 0 |a Main economic indicators 
264 1 |a Paris  |b OECD  |c 2014 
773 0 |w eu_un_cat*s124256 
610 2 0 |a OECD 
610 2 0 |a ukazovatele ekonomické 
610 2 0 |a údaje štatistické